| 000 | 00356 a2200121 4500 | ||
|---|---|---|---|
| 001 | ART_10442 | ||
| 005 | 20260410161848.0 | ||
| 008 | 260409a | ||
| 245 | 1 | 0 | _aUn modelo simple de equilibrio general |
| 100 | 1 | _aDiéguez, Héctor L. | |
| 700 | 1 | _aPorto, Alberto | |
| 773 | 0 |
_tEconómica _g- Año XVIII, Nº 3 (sep./dic. 1972) _wREV7541 |
|
| 999 |
_c24754 _d24754 |
||